| 000 | 01551nam a22002411a 4500 | ||
|---|---|---|---|
| 003 | AM-YEHGA | ||
| 001 | 1620407 | ||
| 005 | 20250617164810.0 | ||
| 008 | 190618s1962 ru a|||fr||||u000|||rus|| | ||
| 040 | _aAM-YeHGA | ||
| 041 | 0 | _arus | |
| 245 | 0 | 0 |
_aЛитейное производство : _b[Сборник рефератов] / _cПод ред. С. Е. Лаврентьева ; Государственный комитет Совета Министров СССР по автоматизации и машиностроению, Управление по автоматизации и средствам производства для машиностроения. |
| 260 |
_aМосква : _bЦентр. ин-т науч.-техн. информации по автоматизации и машиностроению, _c1962. |
||
| 300 |
_a120 с. : _bил. ; _c21 см. |
||
| 490 | 0 | _a"Прогрессивная и типовая технология" ; VII серия. | |
| 650 | 1 | 4 |
_aЛитейное производство _vРефераты. |
| 650 | 1 | 4 |
_aЛитейное оборудование _vРефераты. |
| 700 | 1 |
_aЛаврентьев, С. Е. _eред. |
|
| 710 | 2 | _aГосударственный комитет Совета Министров СССР по автоматизации и машиностроению. | |
| 710 | 2 | _aУправление по автоматизации и средствам производства для машиностроения. | |
| 942 |
_2udc _cBK |
||
| 090 | _c568186 | ||
| 999 |
_c529702 _d529702 |
||